Sexo para descubrir a las chicas / (Registro nro. 30760)
[ vista simple ]
| 000 -LEADER | |
|---|---|
| fixed length control field | 02671nam a22002657a 4500 |
| 003 - CONTROL NUMBER IDENTIFIER | |
| control field | OSt |
| 005 - DATE AND TIME OF LATEST TRANSACTION | |
| control field | 20240618154600.0 |
| 008 - FIXED-LENGTH DATA ELEMENTS--GENERAL INFORMATION | |
| fixed length control field | 240617s2015 ck ao||gr|||| 00| 0 spa d |
| 020 ## - INTERNATIONAL STANDARD BOOK NUMBER | |
| International Standard Book Number | 9789583046513 |
| 037 ## - SOURCE OF ACQUISITION | |
| Source of stock number/acquisition | Donación |
| 040 ## - CATALOGING SOURCE | |
| Original cataloging agency | CO-JMCR |
| Language of cataloging | spa |
| Transcribing agency | CO-JMCR |
| Modifying agency | CO-JMCR |
| Description conventions | rda |
| 041 0# - LANGUAGE CODE | |
| Language code of text/sound track or separate title | spa |
| 082 04 - DEWEY DECIMAL CLASSIFICATION NUMBER | |
| Edition number | 23 |
| Classification number | 306.7 |
| Item number | C19c |
| 100 1# - MAIN ENTRY--PERSONAL NAME | |
| Personal name | Nieto Martínez, Carla, |
| Dates associated with a name | 1968 - |
| Relator term | autora |
| 9 (RLIN) | 43693 |
| 245 10 - TITLE STATEMENT | |
| Title | Sexo para descubrir a las chicas / |
| Statement of responsibility, etc. | Carla Nieto Martínez. |
| 260 ## - PUBLICATION, DISTRIBUTION, ETC. | |
| Place of publication, distribution, etc. | Bogotá : |
| Name of publisher, distributor, etc. | Panamericana, |
| Date of publication, distribution, etc. | 2015 |
| 300 ## - PHYSICAL DESCRIPTION | |
| Extent | 63 páginas : |
| Other physical details | Ilustraciones a color, Fotografías ; |
| Dimensions | 30 cm. |
| 490 0# - SERIES STATEMENT | |
| Series statement | Sexo juvenil |
| 505 0# - FORMATTED CONTENTS NOTE | |
| Formatted contents note | La adolescencia femenina -- Así cambia tu organismo -- Un carrusel hormonal -- La primera regla -- Tu ciclo menstrual -- Tampones y toallas -- SPM: el tormento mensual -- El busto: tu nueva seña de identidad -- Frente al vello, depilación -- Curvas y llantas: no tan fieras -- Moldea tu cuerpo -- Anorexia y bulimia -- ¿Explícita o recatada? -- Pudor: cómo gestionarlo -- La virginidad -- La sangre y otros mitos -- Femenino y sensual -- En busca del amor perfecto -- Atracción o amor verdadero -- Respuesta sexual masculina -- Evitar la dependencia -- ¿Cuándo debes visitar al ginecólogo? -- Enfermedades de transmisión sexual -- La píldora anticonceptiva -- Otros métodos anticonceptivos -- El preservativo: otro aliado -- Embarazo no deseado -- Aprender a decir no -- Amigas para siempre -- La relación con tu familia -- A salvo de abusos. |
| 520 3# - SUMMARY, ETC. | |
| Summary, etc. | La adolescencia es un periodo lleno de cambios y de emociones nuevas. La colección Sexo juvenil te ayuda a aclarar las grandes dudas que te puedan surgir en esta etapa de manera cercana y fácil. Chico o chica, podrás elegir el libro que mejor se adapte a tus inquietudes y que te ayude a descubrir esos pequeños secretos que encierra el sexo. Tu cuerpo ha empezado a cambiar, tus hábitos no son los mismos, tu aspecto físico es diferente... ¿Qué te ocurre?: la adolescencia ha llegado a tu puerta. Sexo para descubrir a las chicas pretende informar a la chica, y al chico que se acerque el tema, qué es lo que les sucede a las jóvenes a esta edad: entender la menstruación, el papel que desempeñan las amigas, cómo se despierta el deseo sexual y la inquietud por conquistar a un chico, así como toda la información sobre las relaciones sexuales. ¿A quién no le interesa lo que le ocurre al sexo contrario? ¡Descúbrelo! |
| 650 14 - SUBJECT ADDED ENTRY--TOPICAL TERM | |
| Source of heading or term | JMCR |
| Topical term or geographic name entry element | Educación sexual para jovenes |
| General subdivision | Sexo |
| 9 (RLIN) | 43694 |
| 650 24 - SUBJECT ADDED ENTRY--TOPICAL TERM | |
| Source of heading or term | JMCR |
| Topical term or geographic name entry element | Preguntas y respuestas |
| General subdivision | Mujeres adolescentes |
| 9 (RLIN) | 43695 |
| 650 34 - SUBJECT ADDED ENTRY--TOPICAL TERM | |
| Source of heading or term | JMCR |
| Topical term or geographic name entry element | Adolescencia femenina |
| General subdivision | Salud e higiene |
| 9 (RLIN) | 43696 |
| 942 ## - ADDED ENTRY ELEMENTS (KOHA) | |
| Source of classification or shelving scheme | Dewey Decimal Classification |
| Koha item type | Books |
| Withdrawn status | Lost status | Source of classification or shelving scheme | Damaged status | Not for loan | Collection code | Home library | Current library | Shelving location | Date acquired | Total Checkouts | Full call number | Barcode | Date last seen | Date last checked out | Copy number | Price effective from | Koha item type |
|---|---|---|---|---|---|---|---|---|---|---|---|---|---|---|---|---|---|
| Dewey Decimal Classification | Fiction | Biblioteca Pública José María del Castillo y Rada | Biblioteca Pública José María del Castillo y Rada | Book Cart | 12/06/2023 | 11 | 306.7 C19c | 201812260 | 01/27/2026 | 01/26/2026 | Ej.1 | 06/17/2024 | Books |